Catálogo
 En Linea

Breve manual de urbanidad / (Registro nro. 42183)

Detalles MARC
000 -CABECERA
campo de control de longitud fija 00653nam a2200205 a 4500
001 - NÚMERO DE CONTROL
campo de control 000042694
005 - FECHA Y HORA DE LA ÚLTIMA TRANSACCIÓN
campo de control 20201002040331.0
008 - DATOS DE LONGITUD FIJA--INFORMACIÓN GENERAL
campo de control de longitud fija 140205s1985 sp a 000 0 spa d
020 ## - NÚMERO INTERNACIONAL ESTÁNDAR DEL LIBRO
ISBN cancelado o inválido 72236250
040 ## - FUENTE DE LA CATALOGACIÓN
Centro catalogador/agencia de origen DO-SdBNP
Lengua de catalogación spa
Centro/agencia transcriptor BNPHU
082 ## - NÚMERO DE LA CLASIFICACIÓN DECIMAL DEWEY
Número de clasificación xxx
Número de documento/Ítem L449b
100 1# - ENTRADA PRINCIPAL--NOMBRE DE PERSONA
Nombre de persona Lebowitz, Fran
9 (RLIN) 70000
240 10 - TÍTULO UNIFORME
Título uniforme Social studies
Lenguaje de la obra Español
245 10 - MENCIÓN DE TÍTULO
Título Breve manual de urbanidad /
Mención de responsabilidad, etc. Fran Lebowitz ; traducción de José Luis Guarner.
260 ## - PUBLICACIÓN, DISTRIBUCIÓN, ETC.
Lugar de publicación, distribución, etc. Barcelona :
Nombre del editor, distribuidor, etc. Tusquets,
Fecha de publicación, distribución, etc. 1985.
300 ## - DESCRIPCIÓN FÍSICA
Extensión 151 p. :
-- il., ;
Dimensiones 18 cm.
490 1# - MENCIÓN DE SERIE
Mención de serie Cuadernos ínfimos
Designación de volumen o secuencia 125
700 12 - PUNTO DE ACCESO ADICIONAL--NOMBRE DE PERSONA
Nombre de persona Guarner, José Luis Guarner
Término indicativo de función/relación tr.
9 (RLIN) 70001
830 #0 - PUNTO DE ACCESO ADICIONAL DE SERIE-TÍTULO UNIFORME
Título uniforme Cuadernos ínfimos
Número de parte o sección de la obra 125
9 (RLIN) 70002
Existencias
Estado de retiro Estado de pérdida Restricciones de uso No para préstamo Código de colección Localización permanente Ubicación/localización actual Ubicación en estantería Fecha de adquisición Número de inventario Total de préstamos Signatura topográfica completa Código de barras Fecha visto por última vez Precio válido a partir de Tipo de ítem Koha
      Excluido de préstamo Monografías: Libros y Folletos General General En catalogación 05.02.2014 LF1   xxx L449b 42694-10 25.06.2020 25.06.2020 No se presta

Con tecnología Koha